Score 0/62 Timer 05:00
3 Plays Today
Word % Correct
tan
96.6%
tap
96.3%
tab
95.8%
tad
95.7%
tag
95.6%
tar
95.3%
ten
94.4%
top
94.3%
tip
94%
tin
93.9%
tam
93.9%
tea
93.7%
tat
93.3%
ton
92.4%
ted
91.8%
taw
91.1%
tas
90.8%
tit
90.6%
tee
90.5%
tom
88.9%
tae
88.7%
tic
88.6%
too
88.6%
tie
88.6%
tax
88.1%
toe
88.1%
tot
87.4%
tao
87.3%
tet
87.2%
tow
87%
tel
86.9%
Word % Correct
til
86.7%
tis
86.5%
tog
86.3%
tav
86.2%
teg
86.1%
tec
85.8%
tor
85.7%
tes
85.6%
tau
85.5%
taj
85.3%
tew
84.4%
the
83.6%
tod
83.5%
tub
83.1%
tun
82.9%
toy
82.7%
tug
81.8%
tum
80.3%
tut
79.6%
tup
78.1%
tix
77%
tho
73.3%
tiz
72.3%
thy
71.1%
try
69.5%
tux
68.8%
two
64.1%
tui
62.4%
tye
56.7%
twa
43.7%
tsk
20.9%

You're not logged in!

Compare scores with friends on all Sporcle quizzes.
OR
Log In

Sporcle TV

Today on Sporcle TV


Watch our educational content, quiz creation guides, and fun videos on Sporcle TV.

Show Comments

Extras

Top Quizzes Today


Score Distribution

Paid Content

Your Account Isn't Verified!

In order to create a playlist on Sporcle, you need to verify the email address you used during registration. Go to your Sporcle Settings to finish the process.

Report this User

Report this user for behavior that violates our Community Guidelines.

Details: